000 00863nam a2200229Ii 4500
003 JO-AjNU
008 230605s9999||||xx |||||||||||||| ||und||
017 _a2022-1-232
020 _a978-9923-15-139-6
040 _aJO-AjNU
_bara
_erda
_cJO-AjNU
041 _aara
050 1 4 _aKMM188.5 2022
100 3 _aالحلالمة،نصار محمد سبيتان,
_eauthor
_964132
245 0 0 _aشرح قانون الإعسار :مقارنة مع قانون اليونسترال النموذجي ومفهوم الإعسار عبر الحدود(الدولي)
250 _aط1
264 3 1 _aعمان:دار الثقافة،2022
300 _a238ص
336 _atext
_btxt
_2rdacontent
337 _aunmediated
_bn
_2rdamedia
338 _avolume
_bnc
_2rdacarrier
650 4 _aالإعسار-العجز المالي-قانون الشركات-الاردن
_964133
999 _aA29127
_c32695
_d32695